Normal view
MARC view
- Lowe, Norman
Entry Personal Name
001 - CONTROL NUMBER
- control field: 65753
003 - CONTROL NUMBER IDENTIFIER
- control field: NUST
005 - DATE AND TIME OF LATEST TRANSACTION
- control field: 20210628203502.0
008 - FIXED-LENGTH DATA ELEMENTS
- fixed length control field: 210628|| aca||aabn | a|a d
040 ## - CATALOGING SOURCE
- Original cataloging agency: NUST
- Transcribing agency: NUST
100 ## - HEADING--PERSONAL NAME
- Personal name: Lowe, Norman
670 ## - SOURCE DATA FOUND
- Source citation: Work cat.: (NUST): Lowe, Norman, Mastering modern world history, 1993
